00606nam a2200157Ia 4500001001000000003000500010008004100015010001100056040000900067100003000076245010600106260008700212300001000299650006300309700007600372Para_2400CHAP220125s1989 xx 000 0 und d a200934 cCHAP aAlvarado Mendoza, Luis I. aLa roya Puccinia melanocephola de la caña de azúcar en México /c por Luis I. Alvarado Mendoza aCórdoba, Ver. :b Instituto para el Mejoramiento de la Producción de azúcar a36 p. aCaña de azúcar x Enfermedades Puccinia melanocephala aInstituto para el Mejoramiento de la Producción de Azúcar. México